000 00567nam a22001697a 4500
001 45664
003 BD-DhUET
008 250802b xxu||||| |||| 00| 0 eng d
040 _c0
_dBD-DhUET
100 _aMehedi Hasan Prince
245 _aVariability and reliability in spatiotemporal gait parameters of stroke patients across overground, treadmill and body-weight supported treadmill walking
260 _aDhaka
_bDepartment of Biomedical Engineering, BUET
_c2026
300 _axiii, 86 p.
501 _aOne CD-ROM
504 _aIncludes bibliographies
942 _cTH
999 _c45664
_d45664